000 00442nam a2200169Ia 4500
008 230711s9999||||xx |||||||||||||| ||und||
041 _aENG
082 _a4
_bVA-E
100 _aVahid,Frank
245 0 _aEmbeded system design a unified hardware/software introduction
250 _a1st Ed.
260 _c2002
_aNew Delhi
_bWiley Eastern Limited
300 _a324
650 _aComputer Engineering
700 _aGivargis,Tony
942 _cBK
999 _c4829
_d4829